000 00857nam a2200205Ia 4500
001 Z_5517
008 220601s9999 xx 000 0 und d
090 _aTesis P 1100
100 _aPulido Albores, Angel Rosendo
_9182445
245 _aEstablecimiento de la metodología para el manejo óptimo de muestras de sangre y leche de ganado cebú (Bos indicus) destinadas a la determinación de progesterona por medio de radioinmunoanálisis / Angel Rosendo Pulido Albores
260 _aMéxico, D.F. : El autor,
300 _a77 h.
502 _aTesis ( Mestro en Producción Animal) -- UNAM. Facultad de Medicina Veterinaria
650 _a1. Muestras de sangre 2. Sangre - Análisis y químicaÌ
_9182446
901 _aTESIS P 1100
902 _aM
905 _a0000001989 0000000000 00
942 _c2
999 _c216975
_d216975